<?xml version="1.0" encoding="UTF-8"?>
<record
    xmlns:xsi="http://www.w3.org/2001/XMLSchema-instance"
    xsi:schemaLocation="http://www.loc.gov/MARC21/slim http://www.loc.gov/standards/marcxml/schema/MARC21slim.xsd"
    xmlns="http://www.loc.gov/MARC21/slim">

  <leader>01986aam a2200469 i 4500</leader>
  <datafield tag="999" ind1=" " ind2=" ">
    <subfield code="c">7345</subfield>
    <subfield code="d">7345</subfield>
  </datafield>
  <controlfield tag="001">.b7283691x</controlfield>
  <controlfield tag="003">OSt</controlfield>
  <controlfield tag="005">20211222124436.0</controlfield>
  <controlfield tag="008">190515e201809  spca|||  |||| 0|0 0 spa|c</controlfield>
  <datafield tag="015" ind1=" " ind2=" ">
    <subfield code="a">LL2020</subfield>
    <subfield code="2">bnc</subfield>
  </datafield>
  <datafield tag="017" ind1=" " ind2=" ">
    <subfield code="a">DL L 885-2018</subfield>
    <subfield code="b">Biblioteca de Catalunya</subfield>
  </datafield>
  <datafield tag="020" ind1=" " ind2=" ">
    <subfield code="a">9788413030135</subfield>
  </datafield>
  <datafield tag="035" ind1=" " ind2=" ">
    <subfield code="a">(OCoLC)1107682299</subfield>
  </datafield>
  <datafield tag="040" ind1=" " ind2=" ">
    <subfield code="a">ES-BaUB</subfield>
    <subfield code="b">cat</subfield>
    <subfield code="e">rda</subfield>
    <subfield code="c">CDMR</subfield>
  </datafield>
  <datafield tag="041" ind1="1" ind2=" ">
    <subfield code="a">cat</subfield>
    <subfield code="h">spa</subfield>
  </datafield>
  <datafield tag="043" ind1=" " ind2=" ">
    <subfield code="a">e-sp---</subfield>
  </datafield>
  <datafield tag="080" ind1=" " ind2=" ">
    <subfield code="a">342.727</subfield>
    <subfield code="x">(460)</subfield>
    <subfield code="2">2004</subfield>
  </datafield>
  <datafield tag="080" ind1=" " ind2=" ">
    <subfield code="a">32</subfield>
    <subfield code="x">-051</subfield>
    <subfield code="x">(460)</subfield>
    <subfield code="x">(047.53)</subfield>
    <subfield code="2">2004</subfield>
  </datafield>
  <datafield tag="080" ind1=" " ind2=" ">
    <subfield code="a">7.071</subfield>
    <subfield code="x">(460)</subfield>
    <subfield code="x">(047.53)</subfield>
    <subfield code="2">2004</subfield>
  </datafield>
  <datafield tag="100" ind1="1" ind2=" ">
    <subfield code="a">Taleg&#xF3;n, Beatriz,</subfield>
  </datafield>
  <datafield tag="245" ind1="1" ind2="0">
    <subfield code="a">Llibertat d'excepci&#xF3; :</subfield>
    <subfield code="b">vuit veus perseguides que no han aconseguit silenciar /</subfield>
    <subfield code="c">Beatriz Taleg&#xF3;n Ramos ; [entrevistes a] Carles Puigdemont, Meritxell Serret, Mireia Boya, Valt&#xF2;nyc, C&#xE9;sar Strawberry, Pablo Has&#xE9;l, Abel Azcona, Jordi Cuixart ; salutaci&#xF3;: Quim Torra ; pr&#xF2;leg: Antonio Ba&#xF1;os ; ep&#xED;leg: Jonathan Mart&#xED;nez</subfield>
  </datafield>
  <datafield tag="264" ind1=" " ind2="1">
    <subfield code="a">Lleida :</subfield>
    <subfield code="b">Pag&#xE8;s Editors,</subfield>
    <subfield code="c">2018</subfield>
  </datafield>
  <datafield tag="300" ind1=" " ind2=" ">
    <subfield code="a">90 p&#xE0;gines :</subfield>
    <subfield code="b">il&#xB7;lustracions ;</subfield>
    <subfield code="c">21 cm</subfield>
  </datafield>
  <datafield tag="490" ind1="1" ind2=" ">
    <subfield code="a">La guspira ;</subfield>
    <subfield code="v">3</subfield>
  </datafield>
  <datafield tag="546" ind1=" " ind2=" ">
    <subfield code="a">Traducci&#xF3; de: Libertad de excepci&#xF3;n</subfield>
  </datafield>
  <datafield tag="650" ind1=" " ind2="7">
    <subfield code="a">Llibertat d'expressi&#xF3;</subfield>
    <subfield code="z">Espanya</subfield>
    <subfield code="2">lemac</subfield>
  </datafield>
  <datafield tag="650" ind1=" " ind2="7">
    <subfield code="a">Pol&#xED;tics</subfield>
    <subfield code="z">Catalunya</subfield>
    <subfield code="v">Intervius</subfield>
    <subfield code="2">lemac</subfield>
  </datafield>
  <datafield tag="650" ind1=" " ind2="7">
    <subfield code="a">Artistes</subfield>
    <subfield code="z">Catalunya</subfield>
    <subfield code="v">Intervius</subfield>
    <subfield code="2">lemac</subfield>
  </datafield>
  <datafield tag="655" ind1=" " ind2="9">
    <subfield code="a">Entrevistes</subfield>
    <subfield code="2">thub</subfield>
  </datafield>
  <datafield tag="700" ind1="1" ind2=" ">
    <subfield code="a">Puigdemont, Carles,</subfield>
    <subfield code="d">1962-</subfield>
    <subfield code="e">entrevistat (expressi&#xF3;)</subfield>
  </datafield>
  <datafield tag="700" ind1="1" ind2=" ">
    <subfield code="a">Serret i Aleu, Meritxell,</subfield>
    <subfield code="e">entrevistat (expressi&#xF3;)</subfield>
  </datafield>
  <datafield tag="700" ind1="1" ind2=" ">
    <subfield code="a">Boya Busquet, Mireia,</subfield>
    <subfield code="e">entrevistat (expressi&#xF3;)</subfield>
  </datafield>
  <datafield tag="700" ind1="0" ind2=" ">
    <subfield code="a">Valt&#xF2;nyc,</subfield>
    <subfield code="e">entrevistat (expressi&#xF3;)</subfield>
  </datafield>
  <datafield tag="700" ind1="1" ind2=" ">
    <subfield code="a">Strawberry, C&#xE9;sar,</subfield>
    <subfield code="e">entrevistat (expressi&#xF3;)</subfield>
  </datafield>
  <datafield tag="700" ind1="1" ind2=" ">
    <subfield code="a">Has&#xE9;l, Pablo,</subfield>
    <subfield code="d">1988-</subfield>
    <subfield code="e">entrevistat (expressi&#xF3;)</subfield>
  </datafield>
  <datafield tag="700" ind1="1" ind2=" ">
    <subfield code="a">Azcona, Abel,</subfield>
    <subfield code="d">1988-</subfield>
    <subfield code="e">entrevistat (expressi&#xF3;)</subfield>
  </datafield>
  <datafield tag="700" ind1="1" ind2=" ">
    <subfield code="a">Cuixart, Jordi,</subfield>
    <subfield code="d">1975-</subfield>
    <subfield code="e">entrevistat (expressi&#xF3;)</subfield>
  </datafield>
  <datafield tag="830" ind1=" " ind2="0">
    <subfield code="a">Guspira (Pag&#xE8;s Editors) ;</subfield>
    <subfield code="v">3</subfield>
  </datafield>
  <datafield tag="907" ind1=" " ind2=" ">
    <subfield code="a">.b7283691x</subfield>
    <subfield code="b">18-02-21</subfield>
    <subfield code="c">15-05-19</subfield>
    <subfield code="d">25-11-20</subfield>
    <subfield code="e">m</subfield>
    <subfield code="f">a  </subfield>
    <subfield code="g">-</subfield>
    <subfield code="h">cat</subfield>
    <subfield code="i">spc</subfield>
    <subfield code="j">0</subfield>
    <subfield code="k">1</subfield>
  </datafield>
  <datafield tag="940" ind1=" " ind2=" ">
    <subfield code="a">BC</subfield>
  </datafield>
  <datafield tag="942" ind1=" " ind2=" ">
    <subfield code="2">udc</subfield>
    <subfield code="c">MON</subfield>
  </datafield>
  <datafield tag="952" ind1=" " ind2=" ">
    <subfield code="0">0</subfield>
    <subfield code="1">0</subfield>
    <subfield code="4">0</subfield>
    <subfield code="7">0</subfield>
    <subfield code="a">CDMR</subfield>
    <subfield code="b">CDMR</subfield>
    <subfield code="d">2021-05-04</subfield>
    <subfield code="e">Donaci&#xF3;</subfield>
    <subfield code="g">12.00</subfield>
    <subfield code="l">1</subfield>
    <subfield code="o">Cg 5/63</subfield>
    <subfield code="p">CDMR21051259</subfield>
    <subfield code="r">2021-12-23</subfield>
    <subfield code="s">2021-06-15</subfield>
    <subfield code="w">2021-05-04</subfield>
    <subfield code="y">MON</subfield>
  </datafield>
</record>
